| 000 | 00663nam a2200205 a 4500 | ||
|---|---|---|---|
| 001 | 2260 | ||
| 003 | CDMR | ||
| 005 | 20131128132401.0 | ||
| 008 | 130130s1976||||||||||||||||||||||||||||d | ||
| 020 | _a8450072689 | ||
| 040 |
_aCDMR _bcat _cCDMR |
||
| 100 | 1 |
_aCervera Bañuls, David _91681 |
|
| 245 | 1 | 3 |
_aLa prensa valenciana en su aportación a la Renaixença _cDavid Cervera Bañuls |
| 260 |
_aValencia _c1976 _bAyuntamiento de Valencia |
||
| 300 | _a162 p. | ||
| 490 | 0 |
_aPublicaciones del Archivo Municipal _aSerie Tercera. Estudios Monográficos _v9 |
|
| 650 | 0 | 4 |
_91348 _aRenaixença |
| 650 | 0 | 4 |
_93311 _aPremsa _zComunitat Valenciana _xHistòria |
| 942 |
_cMON _2udc |
||
| 999 |
_c2260 _d2260 |
||